| 000 | 01152aam a2200361 i 4500 | ||
|---|---|---|---|
| 999 |
_c169236 _d169236 |
||
| 001 | vtls000831017 | ||
| 003 | PNM | ||
| 005 | 20180821060922.0 | ||
| 008 | 170616t20172017my g o000 f may | ||
| 015 | _aM171-01787 | ||
| 020 |
_a9789672064268 _qpaperback _cRM40.00 |
||
| 039 | 9 |
_a201711301508 _baznah _c201708281208 _dazura_a _c201708181515 _droswati _c201706301621 _dsalbiah |
|
| 040 |
_aBNM _beng _cBNM _dPNM _erda |
||
| 049 | _aklpmal | ||
| 082 | 0 | 4 |
_a899.2333 _223 |
| 090 | 0 | 0 |
_a899.2333 _bRAM _dG |
| 100 | 0 |
_aRamli Abdul Halim, _eauthor. |
|
| 245 | 1 | 0 |
_aANGKASA MINDA : _bPERPADUAN DAN INTEGRASI NASIONAL / _cRamli Abdul Halim |
| 264 | 1 |
_aSintok, Kedah : _bUUM Press, Universiti Utara Malaysia, _c2017 |
|
| 264 | 4 | _c©2017 | |
| 300 |
_axviii, 464 pages ; _c20 cm |
||
| 336 |
_atext _2rdacontent |
||
| 337 |
_aunmediated _2rdamedia |
||
| 338 |
_avolume _2rdacarrier |
||
| 650 | 1 | 0 | _aMalaysian fiction (Malay) |
| 650 | 2 | 0 | _aMalay fiction |
| 650 | 2 | 0 |
_aGovernment publications _zMalaysia |
| 942 |
_2ddc _cB |
||
| 949 |
_62000479147 _a899.2333 RAM M |
||
| 949 |
_62000479146 _a899.2333 RAM M |
||
| 949 | _61001362604 | ||
| 949 | _61001362605 | ||